[Event "EWICC 2019"]
[Site "Antalya"]
[Date "2019.04.20"]
[Round "9.10"]
[White "Milliet, Sophie"]
[Black "Goryachkina, Aleksandra"]
[Result "1/2-1/2"]
[WhiteElo "2394"]
[BlackElo "2534"]
[Annotator "ChessBase"]
[PlyCount "84"]
[EventDate "2019.04.11"]
[EventType "swiss"]
[EventCountry "TUR"]
[SourceTitle "playchess.com"]
[Source "ChessBase"]
[SourceQuality "1"]

1. e4 c6 2. d4 d5 3. e5 Bf5 4. Nf3 e6 5. Be2 Ne7 6. c3 Ng6 7. O-O f6 8. Be3 Be7 9. Nbd2 O-O 10. Ne1 Nh8 11. f4 fxe5 12. fxe5 Bg5 13. Bxg5 Qxg5 14. Ndf3 Qe3+ 15. Rf2 Nd7 16. Qd2 Qxd2 17. Nxd2 Bg6 18. Nef3 h6 19. Raf1 Bh7 20. h4 Ng6 21. g3 Ne7 22. Ne1 Rxf2 23. Rxf2 c5 24. Bb5 Nc6 25. Nb3 c4 26. Na5 Nxa5 27. Bxd7 Bf5 28. Ng2 Rd8 29. Ba4 a6 30. Nf4 g5 31. hxg5 hxg5 32. Nh5 b5 33. Bc2 Bxc2 34. Rxc2 Nc6 35. Rf2 Rf8 36. Nf6+ Kg7 37. Nh5+ Kg8 38. Nf6+ Kg7 39. Rh2 Rh8 40. Rxh8 Kxh8 41. Nd7 Nd8 42. a4 bxa4 1/2-1/2

[Event "EWICC 2019"]
[Site "Antalya"]
[Date "2019.04.20"]
[Round "9.11"]
[White "Sandu, Mihaela"]
[Black "Dzagnidze, Nana"]
[Result "0-1"]
[WhiteElo "2278"]
[BlackElo "2513"]
[Annotator "ChessBase"]
[PlyCount "104"]
[EventDate "2019.04.11"]
[EventType "swiss"]
[EventCountry "TUR"]
[SourceTitle "playchess.com"]
[Source "ChessBase"]
[SourceQuality "1"]

1. e4 e6 2. d4 d5 3. Nc3 Bb4 4. e5 c5 5. a3 Ba5 6. b4 cxd4 7. Nb5 Bc7 8. f4 Bd7 9. Nxc7+ Qxc7 10. Nf3 Ba4 11. Bd3 Ne7 12. O-O Qb6 13. Kh1 Bb5 14. Nxd4 Bxd3 15. Qxd3 Nbc6 16. Be3 Nxd4 17. Bxd4 Qc7 18. Bc5 O-O 19. Bd6 Qd7 20. c4 dxc4 21. Qxc4 Rfc8 22. Qe4 Nf5 23. Rfd1 h5 24. Bc5 Qc6 25. Qe2 h4 26. Kg1 b6 27. Bf2 h3 28. gxh3 Rd8 29. Rac1 Qb7 30. Rd3 Rac8 31. Rcd1 Qc7 32. Rxd8+ Rxd8 33. Rxd8+ Qxd8 34. Qc4 Kh7 35. b5 Qd1+ 36. Kg2 Qd2 37. Kf3 g6 38. a4 Kg7 39. Qe4 Qa2 40. Qb4 Qd5+ 41. Qe4 Qb3+ 42. Kg2 Ne7 43. Be3 Nd5 44. Bf2 Qc3 45. h4 Qd2 46. Kf3 Nc3 47. Qc4 Qd1+ 48. Kg3 Nd5 49. a5 bxa5 50. Bxa7 a4 51. Bc5 a3 52. Bxa3 Qe1+ 0-1

[Event "EWICC 2019"]
[Site "Antalya"]
[Date "2019.04.20"]
[Round "9.12"]
[White "Ovod, Evgenija"]
[Black "Stefanova, Antoaneta"]
[Result "0-1"]
[WhiteElo "2367"]
[BlackElo "2464"]
[Annotator "ChessBase"]
[PlyCount "73"]
[EventDate "2019.04.11"]
[EventType "swiss"]
[EventCountry "TUR"]
[SourceTitle "playchess.com"]
[Source "ChessBase"]
[SourceQuality "1"]

1. e4 e5 2. Nf3 Nc6 3. Bc4 Bc5 4. O-O Nf6 5. d3 d6 6. c3 h6 7. Nbd2 a5 8. Re1 Ng4 9. Re2 O-O 10. h3 Nf6 11. Nf1 Nh5 12. d4 Ba7 13. Be3 Qf6 14. Rd2 Nf4 15. Ng3 g5 16. Nh2 Qg6 17. Bb5 f6 18. Qa4 Nd8 19. Qxa5 Qh7 20. Qa4 h5 21. Qc2 Nf7 22. Bf1 Nh6 23. h4 Qg6 24. hxg5 fxg5 25. dxe5 dxe5 26. Bc4+ Kg7 27. Bxa7 Rxa7 28. Rad1 h4 29. Ngf1 Ra8 30. Ne3 g4 31. Rd8 g3 32. fxg3 Qxg3 33. Nef1 Nh3+ 34. Kh1 Nf2+ 35. Kg1 Nh3+ 36. Kh1 Qf2 37. Qxf2 0-1

[Event "EWICC 2019"]
[Site "Antalya"]
[Date "2019.04.20"]
[Round "9.13"]
[White "Brunello, Marina"]
[Black "Girya, Olga"]
[Result "0-1"]
[WhiteElo "2356"]
[BlackElo "2461"]
[Annotator "ChessBase"]
[PlyCount "30"]
[EventDate "2019.04.11"]
[EventType "swiss"]
[EventCountry "TUR"]
[SourceTitle "playchess.com"]
[Source "ChessBase"]
[SourceQuality "1"]

1. e4 c5 2. Nf3 Nc6 3. d4 cxd4 4. Nxd4 e5 5. Nb5 d6 6. N1c3 a6 7. Na3 Be6 8. Nc4 Rb8 9. a4 Nf6 10. Bg5 Nb4 11. a5 d5 12. exd5 Nbxd5 13. Nxd5 Qxd5 14. Qe2 Ne4 15. Rd1 Qxc4 0-1

[Event "EWICC 2019"]
[Site "Antalya"]
[Date "2019.04.20"]
[Round "9.14"]
[White "Cramling, Pia"]
[Black "Belenkaya, Dina"]
[Result "1-0"]
[WhiteElo "2460"]
[BlackElo "2297"]
[Annotator "ChessBase"]
[PlyCount "71"]
[EventDate "2019.04.11"]
[EventType "swiss"]
[EventCountry "TUR"]
[SourceTitle "playchess.com"]
[Source "ChessBase"]
[SourceQuality "1"]

1. c4 e5 2. Nc3 Bb4 3. g3 Nc6 4. Bg2 d6 5. Nf3 Nf6 6. O-O O-O 7. d3 h6 8. Na4 a5 9. b3 Qe7 10. Bb2 Bc5 11. e3 Ba7 12. Re1 Bf5 13. h3 Rad8 14. a3 Bh7 15. e4 Nd7 16. Nc3 Nc5 17. d4 exd4 18. Nd5 Qd7 19. Nxd4 Rde8 20. Nb5 Bb8 21. Nbc3 Ne5 22. Nf4 c6 23. Ra2 f5 24. Ba1 g5 25. Nh5 Nxe4 26. f4 Ba7+ 27. Kh2 Nxg3 28. fxe5 Nxh5 29. Qxh5 dxe5 30. Qxh6 Qe7 31. Rae2 e4 32. Nxe4 fxe4 33. Bxe4 Bxe4 34. Qh8+ Kf7 35. Qg7+ Ke6 36. Rxe4+ 1-0

[Event "EWICC 2019"]
[Site "Antalya"]
[Date "2019.04.20"]
[Round "9.15"]
[White "Mammadzada, Gunay"]
[Black "Matnadze, Ana"]
[Result "1-0"]
[WhiteElo "2438"]
[BlackElo "2367"]
[Annotator "NA"]
[PlyCount "113"]
[EventDate "2019.04.11"]
[EventType "swiss"]
[EventCountry "TUR"]
[SourceTitle "playchess.com"]
[Source "ChessBase"]
[SourceQuality "1"]

1. e4 c6 2. d4 d5 3. Nc3 dxe4 4. Nxe4 Nf6 5. Nxf6+ exf6 6. c3 Bd6 7. Bd3 O-O 8. Qc2 Re8+ 9. Ne2 h6 10. O-O Qc7 11. h3 Nd7 12. Be3 Nf8 13. c4 b6 14. Rfe1 Bd7 15. Nc3 Rad8 16. d5 Bh2+ 17. Kh1 Be5 18. a4 Qc8 19. Bf1 Ng6 20. a5 bxa5 21. Rxa5 Bb8 22. Raa1 Qc7 23. g3 Qc8 24. h4 Bh3 25. Qe2 Ne5 26. Bg2 Bg4 27. Qf1 Nf3 28. dxc6 Qxc6 29. Red1 Rxd1 30. Rxd1 Qb7 31. Nd5 Qxb2 32. c5 Be5 33. c6 Qb8 34. Qc4 Qc8 35. c7 Kh7 36. Qc2+ f5 37. Bxa7 g5 38. Be3 gxh4 39. Rc1 h3 40. Bf1 Qb7 41. Qc6 Qxc6 42. Rxc6 f4 43. gxf4 Bd7 44. fxe5 Bxc6 45. Nf6+ Kh8 46. Nxe8 Nd2+ 47. Kh2 Nxf1+ 48. Kxh3 Bd7+ 49. Kg2 Nxe3+ 50. fxe3 Be6 51. Nd6 Kg7 52. c8=Q Bxc8 53. Nxc8 Kf8 54. Kg3 Ke8 55. Nd6+ Kd7 56. Nxf7 h5 57. Ng5 1-0

[Event "EWICC 2019"]
[Site "Antalya"]
[Date "2019.04.20"]
[Round "9.16"]
[White "Houska, Jovanka"]
[Black "Badelka, Olga"]
[Result "1/2-1/2"]
[WhiteElo "2426"]
[BlackElo "2381"]
[Annotator "NA"]
[PlyCount "37"]
[EventDate "2019.04.11"]
[EventType "swiss"]
[EventCountry "TUR"]
[SourceTitle "playchess.com"]
[Source "ChessBase"]
[SourceQuality "1"]

1. d4 Nf6 2. Nf3 e6 3. c4 Bb4+ 4. Bd2 Be7 5. g3 d5 6. Bg2 O-O 7. O-O c6 8. Qc2 b6 9. Rd1 Nbd7 10. Bf4 Ba6 11. cxd5 cxd5 12. Nc3 Nh5 13. Bd2 Rc8 14. e3 Nhf6 15. Rdc1 Qc7 16. Qa4 Qb7 17. Nb5 Ne4 18. Bf1 Nb8 19. Qd1 1/2-1/2

[Event "EWICC 2019"]
[Site "Antalya"]
[Date "2019.04.20"]
[Round "9.17"]
[White "Arabidze, Meri"]
[Black "Mamedjarova, Turkan"]
[Result "0-1"]
[WhiteElo "2399"]
[BlackElo "2256"]
[Annotator "NA"]
[PlyCount "120"]
[EventDate "2019.04.11"]
[EventType "swiss"]
[EventCountry "TUR"]
[SourceTitle "playchess.com"]
[Source "ChessBase"]
[SourceQuality "1"]

1. d4 Nf6 2. c4 g6 3. Nc3 d5 4. cxd5 Nxd5 5. e4 Nxc3 6. bxc3 Bg7 7. Bb5+ c6 8. Ba4 O-O 9. Ne2 b5 10. Bc2 a5 11. O-O Nd7 12. Bg5 Nb6 13. h4 h6 14. Be3 Nc4 15. e5 Bg4 16. Bf4 Qd7 17. Be4 Bf5 18. Ng3 Bxe4 19. Nxe4 Qd5 20. Re1 Rfd8 21. Qc1 b4 22. Bxh6 bxc3 23. h5 Qxd4 24. hxg6 fxg6 25. Bxg7 Nd2 26. Ng5 Qh4 27. Qxc3 Qxg5 28. e6 Rd5 29. Re3 Rc5 30. Qxd2 Kxg7 31. Rae1 Rf8 32. Qd7 Qh4 33. Rf1 Rc2 34. Rh3 Qb4 35. Qa7 Qc5 36. Qxc5 Rxc5 37. Ra3 Rff5 38. f4 Kf6 39. g4 Rfd5 40. Re3 Rd6 41. Rfe1 Rc2 42. Re5 Rxa2 43. g5+ Kg7 44. f5 gxf5 45. Rxf5 Kg6 46. Rf7 Rxe6 47. Rxe6+ Kxf7 48. Rxc6 a4 49. g6+ Kf8 50. Rc8+ Kg7 51. Rc7 Re2 52. Ra7 Re4 53. Kf2 Kxg6 54. Kf3 Kf5 55. Rb7 e6 56. Ra7 Rh4 57. Ra5+ e5 58. Ra8 Rh3+ 59. Kg2 Ra3 60. Ra5 Kf4 0-1

[Event "EWICC 2019"]
[Site "Antalya"]
[Date "2019.04.20"]
[Round "9.18"]
[White "Gevorgyan, Maria"]
[Black "Mkrtchian, Lilit"]
[Result "1/2-1/2"]
[WhiteElo "2256"]
[BlackElo "2397"]
[Annotator "NA"]
[PlyCount "71"]
[EventDate "2019.04.11"]
[EventType "swiss"]
[EventCountry "TUR"]
[SourceTitle "playchess.com"]
[Source "ChessBase"]
[SourceQuality "1"]

1. e4 c6 2. d4 d5 3. e5 c5 4. dxc5 e6 5. b4 a5 6. c3 axb4 7. cxb4 b6 8. Be3 bxc5 9. bxc5 Nc6 10. Nf3 Bxc5 11. Bxc5 Qa5+ 12. Nbd2 Qxc5 13. Rc1 Qb6 14. Qb3 Qxb3 15. Nxb3 Nge7 16. Bb5 Bd7 17. Nc5 Rxa2 18. Nxd7 Kxd7 19. Nd4 Rb8 20. O-O Rxb5 21. Nxb5 Nxe5 22. Rc7+ Kd8 23. Rb7 Nc4 24. g3 h5 25. h4 g6 26. Rb1 Ra8 27. Nd4 Nd6 28. Rb8+ Rxb8 29. Rxb8+ Kd7 30. f3 Nef5 31. Ne2 e5 32. Kf2 d4 33. Ra8 Ke6 34. Ra5 Nc4 35. Rc5 Nce3 36. Nc1 1/2-1/2

[Event "EWICC 2019"]
[Site "Antalya"]
[Date "2019.04.20"]
[Round "9.19"]
[White "Shuvalova, Polina"]
[Black "Lubbe, Melanie"]
[Result "1-0"]
[WhiteElo "2457"]
[BlackElo "2304"]
[Annotator "ChessBase"]
[PlyCount "75"]
[EventDate "2019.04.11"]
[EventType "swiss"]
[EventCountry "TUR"]
[SourceTitle "playchess.com"]
[Source "ChessBase"]
[SourceQuality "1"]

1. e4 d6 2. d4 Nf6 3. Nc3 e5 4. Nf3 Nbd7 5. Bc4 Be7 6. O-O Nb6 7. Be2 exd4 8. Nxd4 O-O 9. Bf4 c6 10. a4 a5 11. Bg3 d5 12. exd5 Nbxd5 13. Nxd5 Nxd5 14. c3 Qb6 15. Qc2 Bf6 16. Rad1 Bd7 17. Bf3 Rad8 18. Rfe1 Rfe8 19. Rxe8+ Rxe8 20. h3 g6 21. Qc1 Qc5 22. Nb5 Be5 23. Bxd5 Bxg3 24. Bxf7+ Kxf7 25. Rxd7+ Ke6 26. Rd4 Be5 27. Qe3 cxb5 28. f4 Kf6 29. fxe5+ Rxe5 30. Qf3+ Rf5 31. Qxb7 bxa4 32. Qxh7 Qb6 33. Qd7 Qxb2 34. Rd6+ Kg5 35. Qd8+ Kh6 36. Qh8+ Kg5 37. h4+ Kf4 38. Qd4+ 1-0

[Event "EWICC 2019"]
[Site "Antalya"]
[Date "2019.04.20"]
[Round "9.20"]
[White "Hoang, Thanh Trang"]
[Black "Osmanodja, Filiz"]
[Result "1-0"]
[WhiteElo "2435"]
[BlackElo "2292"]
[Annotator "NA"]
[PlyCount "127"]
[EventDate "2019.04.11"]
[EventType "swiss"]
[EventCountry "TUR"]
[SourceTitle "playchess.com"]
[Source "ChessBase"]
[SourceQuality "1"]

1. d4 Nf6 2. Nf3 d5 3. Bf4 c5 4. e3 Nc6 5. c3 Qb6 6. Qc2 g6 7. Nbd2 Bg7 8. h3 O-O 9. Be2 Nd7 10. O-O e5 11. dxe5 Ndxe5 12. Rfd1 Bf5 13. Qb3 Bd3 14. Qxb6 axb6 15. Kf1 f6 16. Ne1 Bxe2+ 17. Kxe2 g5 18. Bxe5 Nxe5 19. Ndf3 Nc4 20. b3 Na5 21. b4 Nc6 22. bxc5 f5 23. cxb6 Bxc3 24. Rac1 Rxa2+ 25. Rc2 Rfa8 26. Nxg5 Rxc2+ 27. Nxc2 Ra2 28. Kd3 Ba5 29. f4 Rb2 30. Ra1 Rb3+ 31. Ke2 Rxb6 32. Ra2 Rb1 33. Nf3 b5 34. Nfd4 b4 35. Ra1 Nxd4+ 36. exd4 Rxa1 37. Nxa1 Bc7 38. g3 Kf7 39. Kd3 Ke6 40. Nb3 Bb6 41. Nd2 h5 42. Nf3 Kd6 43. Kc2 Kc6 44. Kb3 Kb5 45. Nh4 Bxd4 46. Nxf5 Bc3 47. g4 hxg4 48. hxg4 Kc6 49. g5 Kd7 50. Ne3 Ke6 51. Kc2 Bd4 52. f5+ Kd6 53. Ng4 Ke7 54. Kb3 Bc3 55. g6 Kf8 56. Ne3 d4 57. Nd5 Kg7 58. Nxb4 Ba1 59. Nd3 Kf6 60. Nb2 d3 61. Ka2 Bxb2 62. Kxb2 d2 63. Kc2 Kxf5 64. g7 1-0

[Event "EWICC 2019"]
[Site "Antalya"]
[Date "2019.04.20"]
[Round "9.21"]
[White "Fataliyeva, Ulviyya"]
[Black "Osmak, Iulija"]
[Result "1-0"]
[WhiteElo "2266"]
[BlackElo "2399"]
[Annotator "NA"]
[PlyCount "97"]
[EventDate "2019.04.11"]
[EventType "swiss"]
[EventCountry "TUR"]
[SourceTitle "playchess.com"]
[Source "ChessBase"]
[SourceQuality "1"]

1. d4 d5 2. c4 e6 3. Nc3 c6 4. Nf3 dxc4 5. g3 Nf6 6. Bg2 Nbd7 7. O-O Bd6 8. Qc2 O-O 9. Rd1 Qe7 10. Nd2 Nb6 11. Nce4 Nxe4 12. Bxe4 f5 13. Bg2 e5 14. e3 Be6 15. Bf1 exd4 16. exd4 Qf7 17. Nf3 f4 18. Ne5 Bxe5 19. dxe5 fxg3 20. hxg3 Bf5 21. Qd2 Be4 22. f4 Nd5 23. Re1 Qg6 24. Qf2 Rae8 25. Bg2 Rxe5 26. Qd4 Bxg2 27. Rxe5 Bf3 28. Kf2 Bg4 29. Bd2 Qh6 30. Rg1 Qh2+ 31. Rg2 Qh1 32. Re1 Qh5 33. Bc3 Nxc3 34. bxc3 Bf3 35. Re5 Qg4 36. Rg5 Qxg5 37. fxg5 Bd5+ 38. Kg1 Bxg2 39. Kxg2 g6 40. Qxa7 Rf7 41. Qd4 b5 42. Qd6 Rf5 43. Qxc6 Rxg5 44. Qe8+ Kg7 45. Qe7+ Kh6 46. Qf8+ Kh5 47. Qf3+ Kh6 48. Qf4 b4 49. Kh3 1-0

[Event "EWICC 2019"]
[Site "Antalya"]
[Date "2019.04.20"]
[Round "9.22"]
[White "Babiy, Olga"]
[Black "Rapport, Jovana"]
[Result "1/2-1/2"]
[WhiteElo "2289"]
[BlackElo "2385"]
[Annotator "NA"]
[PlyCount "137"]
[EventDate "2019.04.11"]
[EventType "swiss"]
[EventCountry "TUR"]
[SourceTitle "playchess.com"]
[Source "ChessBase"]
[SourceQuality "1"]

1. e4 c6 2. Nf3 d5 3. Nc3 dxe4 4. Nxe4 Nf6 5. Qe2 Bf5 6. Nxf6+ gxf6 7. d4 Qd5 8. c4 Qe4 9. Qxe4 Bxe4 10. Be2 Nd7 11. Be3 e6 12. O-O Bd6 13. Nd2 Bg6 14. Rfe1 O-O 15. Bh6 Rfd8 16. h4 Kh8 17. g4 Rg8 18. Kh1 c5 19. h5 cxd4 20. Rac1 Rad8 21. f3 f5 22. Bd3 f6 23. Rxe6 Nc5 24. Rxd6 Rxd6 25. Bb1 Bf7 26. Bxf5 a5 27. Bf4 Rb6 28. b3 a4 29. Bc7 Rc6 30. Bf4 axb3 31. axb3 Ne6 32. Bh2 Ra6 33. Ne4 Ng7 34. Bd7 Be8 35. Bxe8 Rxe8 36. Rd1 Rd8 37. c5 Ne8 38. Kg2 Rd5 39. Kh3 d3 40. b4 Ra3 41. Bf4 Kg7 42. Bd2 Kf7 43. Kg3 Ke6 44. Kf4 Rd7 45. Ke3 Nc7 46. Nd6 Rxd6 47. cxd6 Kxd6 48. Ke4 Ke6 49. Be1 Nb5 50. Rxd3 Ra1 51. Bd2 Rb1 52. Rd8 Nd6+ 53. Kd3 Rb3+ 54. Ke2 Rb2 55. Kd3 Rb3+ 56. Bc3 Nb5 57. Kc4 Rxc3+ 58. Kxb5 Rxf3 59. Rb8 f5 60. Rxb7 fxg4 61. Rxh7 Rf5+ 62. Kc6 Rg5 63. Ra7 Rxh5 64. Rg7 Kf5 65. b5 Rh1 66. b6 Rc1+ 67. Kd6 Rd1+ 68. Kc7 Rc1+ 69. Kd6 1/2-1/2

[Event "EWICC 2019"]
[Site "Antalya"]
[Date "2019.04.20"]
[Round "9.23"]
[White "Gajcin, Marina"]
[Black "Zimina, Olga"]
[Result "1/2-1/2"]
[WhiteElo "2247"]
[BlackElo "2377"]
[Annotator "NA"]
[PlyCount "90"]
[EventDate "2019.04.11"]
[EventType "swiss"]
[EventCountry "TUR"]
[SourceTitle "playchess.com"]
[Source "ChessBase"]
[SourceQuality "1"]

1. e4 e5 2. Nf3 Nc6 3. Bb5 a6 4. Ba4 Nf6 5. O-O Be7 6. d3 b5 7. Bb3 O-O 8. Nc3 d6 9. a3 Bg4 10. Be3 Rb8 11. h3 Bh5 12. Nd5 h6 13. g4 Bg6 14. Nh4 Kh7 15. Nxe7 Nxe7 16. Qf3 Nd7 17. c3 Nc5 18. Bc2 Ne6 19. Nf5 f6 20. h4 Be8 21. d4 Ng8 22. Ng3 Bd7 23. d5 Nc5 24. h5 Ne7 25. Nf5 Be8 26. Kh2 Na4 27. Rab1 Nb6 28. Rg1 Ng8 29. Nh4 Nc4 30. Bc1 Bd7 31. Rg3 Ne7 32. Nf5 Qe8 33. Rh3 Qf7 34. b3 Na5 35. Qg2 Nb7 36. Bd2 Kh8 37. Rg1 c6 38. b4 Rfc8 39. Bb3 c5 40. f4 c4 41. Bc2 Bxf5 42. gxf5 Ng8 43. Bd1 a5 44. Rg3 Rc7 45. Be3 a4 1/2-1/2

[Event "EWICC 2019"]
[Site "Antalya"]
[Date "2019.04.20"]
[Round "9.24"]
[White "Semenova, Elena"]
[Black "Majdan, Joanna"]
[Result "1-0"]
[WhiteElo "2216"]
[BlackElo "2377"]
[Annotator "NA"]
[PlyCount "125"]
[EventDate "2019.04.11"]
[EventType "swiss"]
[EventCountry "TUR"]
[SourceTitle "playchess.com"]
[Source "ChessBase"]
[SourceQuality "1"]

1. e4 c5 2. Nf3 d6 3. d4 cxd4 4. Qxd4 a6 5. c4 Nc6 6. Qe3 g6 7. Nc3 Bg7 8. Be2 Bg4 9. O-O Bxf3 10. Bxf3 Nf6 11. Rd1 Nd7 12. Rb1 O-O 13. Be2 a5 14. Qh3 Re8 15. Bh6 Bh8 16. Be3 a4 17. Rbc1 Ra5 18. a3 Qc8 19. Rd5 Nc5 20. Bg4 Qb8 21. Qh4 Ne5 22. Be2 e6 23. Rdd1 Nb3 24. Rb1 Rc8 25. Nb5 Ra6 26. Qe7 Bg7 27. Bf4 Bf8 28. Qf6 Nd7 29. Qh4 e5 30. Bg5 Ndc5 31. Bg4 Nxe4 32. Bxc8 Nxg5 33. Qxg5 Qxc8 34. Qh4 Qf5 35. Nc7 Rc6 36. Nd5 g5 37. Qg3 Qg6 38. Qd3 Qxd3 39. Rxd3 Na5 40. Ne3 Nxc4 41. Nxc4 Rxc4 42. Rd5 Rc5 43. Rxc5 dxc5 44. Kf1 c4 45. Rc1 b5 46. Rd1 c3 47. bxc3 Bxa3 48. Rb1 f6 49. Rxb5 Kf7 50. Ke2 Ke6 51. Kd3 Bd6 52. Ra5 a3 53. g4 f5 54. Ra6 fxg4 55. Ke4 h5 56. c4 Kd7 57. Kd5 Bb8 58. Rxa3 e4 59. h3 gxh3 60. Rxh3 h4 61. Kxe4 Kc6 62. Kf5 Bf4 63. Rxh4 1-0

[Event "EWICC 2019"]
[Site "Antalya"]
[Date "2019.04.20"]
[Round "9.25"]
[White "Narva, Mai"]
[Black "Abdulla, Khayala"]
[Result "1/2-1/2"]
[WhiteElo "2365"]
[BlackElo "2228"]
[Annotator "NA"]
[PlyCount "166"]
[EventDate "2019.04.11"]
[EventType "swiss"]
[EventCountry "TUR"]
[SourceTitle "playchess.com"]
[Source "ChessBase"]
[SourceQuality "1"]

1. e4 c5 2. Nf3 e6 3. d4 cxd4 4. Nxd4 a6 5. Nc3 Qc7 6. Bd3 Nf6 7. O-O Nc6 8. Nxc6 bxc6 9. f4 d6 10. Be3 Be7 11. Qf3 Bb7 12. Qg3 h5 13. h3 c5 14. b3 h4 15. Qe1 d5 16. e5 Nh5 17. Bd2 Ng3 18. Rf3 Bc6 19. Ne2 c4 20. Nxg3 Bc5+ 21. Kh1 hxg3 22. bxc4 Bf2 23. Rxf2 gxf2 24. Qxf2 dxc4 25. Bxc4 Rxh3+ 26. Kg1 Rh8 27. Bd3 Qd8 28. Be1 Qd5 29. Be2 Qd7 30. Bb4 Qb7 31. Ba3 Rd8 32. Bd3 Rd7 33. Bc5 Qb2 34. Re1 Qxa2 35. Bd6 Rb7 36. Qc5 Qd5 37. Qxd5 Bxd5 38. Bxa6 Rb2 39. Ra1 Kd7 40. Bd3 Ra8 41. Rd1 Ra4 42. g3 Kc6 43. Re1 Ra8 44. Kf2 Rh8 45. Ra1 Kb6 46. Ba3 Ra2 47. Rb1+ Kc7 48. Bd6+ Kd7 49. Ke3 Bc6 50. Kd4 Rh3 51. Rb8 Ra8 52. Rb6 Rxg3 53. f5 Rg4+ 54. Kc3 Rc8 55. Kd2 Rg2+ 56. Ke3 Bd5 57. Bb4 Bc6 58. Ra6 g6 59. f6 Rg3+ 60. Kf4 Rh3 61. Bd6 Rh4+ 62. Ke3 Ra4 63. Rb6 Rca8 64. Rb1 g5 65. c4 g4 66. Kf4 Rg8 67. Kg3 Ra2 68. Bc5 Rd2 69. Bh7 Rh8 70. Bg6 fxg6 71. f7 Rg2+ 72. Kf4 g3 73. Rd1+ Kc8 74. Kg5 Rf2 75. Bxf2 gxf2 76. Kxg6 Be4+ 77. Kf6 Bd3 78. Kxe6 f1=Q 79. Rxf1 Bxf1 80. Ke7 Rh7 81. e6 Bxc4 82. Kf6 Rxf7+ 83. exf7 Bxf7 1/2-1/2

[Event "EWICC 2019"]
[Site "Antalya"]
[Date "2019.04.20"]
[Round "9.26"]
[White "Balajayeva, Khanim"]
[Black "Olsarova, Karolina"]
[Result "1-0"]
[WhiteElo "2358"]
[BlackElo "2264"]
[Annotator "NA"]
[PlyCount "65"]
[EventDate "2019.04.11"]
[EventType "swiss"]
[EventCountry "TUR"]
[SourceTitle "playchess.com"]
[Source "ChessBase"]
[SourceQuality "1"]

1. e4 e5 2. Nf3 Nc6 3. Bc4 Nf6 4. d3 Bc5 5. Nc3 d6 6. Bg5 h6 7. Bxf6 Qxf6 8. Nd5 Qd8 9. c3 a6 10. d4 Ba7 11. dxe5 dxe5 12. Qe2 Bc5 13. Rd1 Bd6 14. O-O O-O 15. Rd2 Be6 16. Rfd1 Qe8 17. b4 Rd8 18. Nh4 Qd7 19. Rd3 Ne7 20. Rg3 Bxd5 21. Bxd5 c6 22. Bb3 Kh7 23. Rgd3 Qc7 24. Qd2 Nc8 25. Nf5 Be7 26. Rd7 Rxd7 27. Qxd7 Qxd7 28. Rxd7 Bg5 29. h4 Bc1 30. Bxf7 h5 31. Bxh5 Rg8 32. Rxb7 Bd2 33. c4 1-0

[Event "EWICC 2019"]
[Site "Antalya"]
[Date "2019.04.20"]
[Round "9.27"]
[White "Zhukova, Natalia"]
[Black "Hernandez Estevez, Yudania"]
[Result "0-1"]
[WhiteElo "2356"]
[BlackElo "2198"]
[Annotator "NA"]
[PlyCount "134"]
[EventDate "2019.04.11"]
[EventType "swiss"]
[EventCountry "TUR"]
[SourceTitle "playchess.com"]
[Source "ChessBase"]
[SourceQuality "1"]

1. d4 d5 2. c4 c6 3. Nf3 Nf6 4. Nc3 a6 5. Qd3 g6 6. e4 dxe4 7. Nxe4 Nbd7 8. Be2 Bg7 9. a4 O-O 10. O-O Re8 11. Nxf6+ Bxf6 12. Rd1 Qc7 13. Bg5 Bg7 14. Qd2 e5 15. dxe5 Nxe5 16. Bd8 Qb8 17. Bb6 Be6 18. Rac1 Nxf3+ 19. Bxf3 Qe5 20. b4 Re7 21. h3 Rd7 22. Qc2 Rxd1+ 23. Rxd1 Qf4 24. Be2 Be5 25. g3 Qf6 26. Bf1 Re8 27. Bg2 Bf5 28. Qb3 g5 29. Qf3 Qe6 30. Re1 Qd7 31. Qe3 f6 32. b5 axb5 33. cxb5 cxb5 34. Qb3+ Kg7 35. Qxb5 Qxb5 36. axb5 Bd3 37. Bf1 Bxf1 38. Kxf1 Rc8 39. Rd1 Kg6 40. Be3 Rc7 41. b6 Re7 42. f4 gxf4 43. gxf4 Bc3 44. Kf2 Kf5 45. Kf3 Bb4 46. Bf2 Ke6 47. Kg4 Rg7+ 48. Kh5 Rg2 49. Bh4 Bd2 50. Kh6 Bxf4+ 51. Kxh7 Rh2 52. Rd3 Rb2 53. Kg6 Be5 54. Rf3 Rg2+ 55. Kh5 f5 56. Bg5 Rg3 57. Rxg3 Bxg3 58. Bd8 Bf2 59. Kg5 Ke5 60. h4 Be3+ 61. Kg6 f4 62. Bg5 Ke4 63. h5 Bd4 64. h6 f3 65. Bh4 f2 66. Bxf2 Bxf2 67. Kf7 Ke5 0-1

[Event "EWICC 2019"]
[Site "Antalya"]
[Date "2019.04.20"]
[Round "9.28"]
[White "Paramzina, Anastasya"]
[Black "Mammadova, Gulnar"]
[Result "1-0"]
[WhiteElo "2214"]
[BlackElo "2349"]
[Annotator "NA"]
[PlyCount "69"]
[EventDate "2019.04.11"]
[EventType "swiss"]
[EventCountry "TUR"]
[SourceTitle "playchess.com"]
[Source "ChessBase"]
[SourceQuality "1"]

1. e4 e6 2. d4 d5 3. Nd2 Nf6 4. e5 Nfd7 5. Bd3 c5 6. c3 Nc6 7. Ne2 cxd4 8. cxd4 f6 9. exf6 Qxf6 10. Nf3 h6 11. Nf4 Bb4+ 12. Kf1 g5 13. Ng6 Rg8 14. Nfe5 Nxd4 15. Qh5 Nf5 16. Bxf5 exf5 17. Be3 Kd8 18. Bd4 Bc5 19. Bxc5 Nxc5 20. Qxh6 Re8 21. h4 Ne4 22. hxg5 Qa6+ 23. Kg1 Be6 24. Nf4 Qb6 25. Ned3 Kd7 26. Nxe6 Rxe6 27. Qh7+ Kd6 28. Qxf5 Qd4 29. Rh3 Rg8 30. Qf4+ Kc6 31. Rc1+ Kb5 32. a4+ Qxa4 33. Nc5 Nc3 34. Qxa4+ Nxa4 35. Nxe6 1-0

[Event "EWICC 2019"]
[Site "Antalya"]
[Date "2019.04.20"]
[Round "9.29"]
[White "Doluhanova, Evgeniya"]
[Black "Petrenko, Svetlana"]
[Result "1-0"]
[WhiteElo "2339"]
[BlackElo "2155"]
[Annotator "NA"]
[PlyCount "125"]
[EventDate "2019.04.11"]
[EventType "swiss"]
[EventCountry "TUR"]
[SourceTitle "playchess.com"]
[Source "ChessBase"]
[SourceQuality "1"]

1. e4 d6 2. d4 Nf6 3. Nc3 e5 4. Nf3 Nbd7 5. Bc4 Be7 6. a4 O-O 7. O-O c6 8. Ba2 b6 9. d5 cxd5 10. Nxd5 Nc5 11. Nxf6+ Bxf6 12. Bd5 Rb8 13. b4 Na6 14. Ba3 Nc7 15. b5 Be7 16. Bc6 Ne6 17. Nd2 Bb7 18. Bxb7 Rxb7 19. Nc4 Rd7 20. Ne3 Nc5 21. Bxc5 dxc5 22. Qg4 Qc8 23. Rad1 Rb7 24. Rd5 Qxg4 25. Nxg4 f6 26. Rfd1 Kf7 27. Ne3 g6 28. Rd7 Rfb8 29. R7d3 Ke6 30. g4 Rc8 31. c4 Rh8 32. Nd5 h5 33. h3 hxg4 34. hxg4 Rh4 35. Ne3 Rh8 36. Kg2 Ra8 37. Rh1 Bf8 38. Rh8 Rab8 39. Nd5 Rf7 40. Rf3 Bd6 41. Rh6 Rg8 42. Ra3 Bf8 43. Rh1 f5 44. a5 bxa5 45. Rxa5 fxg4 46. Ra6+ Bd6 47. Rd1 Rd8 48. Rd2 Rdd7 49. Rc6 Rf8 50. Ra2 Rdf7 51. Rca6 Rf4 52. Nxf4+ exf4 53. f3 g3 54. e5 Kxe5 55. Re2+ Kd4 56. Re4+ Kc3 57. Rxd6 g5 58. Rd5 g4 59. Rd1 Kc2 60. Ra1 Rf7 61. fxg4 f3+ 62. Kxg3 f2 63. Rf4 1-0